| 000 | 00603nam a2200181 a 4500 | ||
|---|---|---|---|
| 008 | 120416s1971 ||||||||||||||||| || u | ||
| 020 | _a0435603124 | ||
| 050 | _aQK 725 Bra | ||
| 100 | _aBracegirdle, Brian | ||
| 245 | 1 | 3 | _aAn atlas of plant structure |
| 260 |
_aLondon _bHeinemann Educational _c1971 |
||
| 300 | _ax, 147p. : ill. | ||
| 350 | _a0.00 | ||
| 650 | _aPLANTS | ||
| 650 | _aPlant anatomy--Atlases | ||
| 700 | _aMiles, Patricia H | ||
| 995 |
_D0.00 _FCBU-MAIN LIBRARY (Kitwe) _H1 _I2.80 _M1 _UAVAILABLE _ZMain Library Open Access Collection |
||
| 999 |
_c35230 _d35230 |
||